Desktop cinema : feature filmmaking on a home computer

Αποθηκεύτηκε σε:
Λεπτομέρειες βιβλιογραφικής εγγραφής
Κύριος συγγραφέας: Robertson, Graham
Μορφή: Βιβλίο
Γλώσσα:English
Δημοσίευση: Boston, MA : Thomson Course Technology, c2006
Σειρά:Aspiring filmmaker's library
Θέματα:
Ετικέτες: Προσθήκη ετικέτας
Δεν υπάρχουν, Καταχωρήστε ετικέτα πρώτοι!

MARC

LEADER 00000nam a2200000 i 4500
001 1/63603
008 071120s2006 eng d
020 |a 1-59200-955-7 
035 |l 10092395 
040 |a GR-MY-UA  |b gre  |e aacr 
041 0 |a eng 
082 0 |a 777.55  |2 (23) 
100 1 |a Robertson, Graham. 
245 1 0 |a Desktop cinema :  |b feature filmmaking on a home computer /  |c Graham Robertson 
260 |a Boston, MA :   |b Thomson Course Technology,   |c c2006 
300 |a xix, 344 σ.;  |b εικ.;  |c 23 εκ.+  |e 1 οπτική δισκέτα λέϊζερ Η/Υ (4 3/4 ίν.) 
490 1 |a Aspiring filmmaker's library 
504 |a Περιλαμβάνει ευρετήριο 
650 0 0 |a Motion pictures  |x Editing  |x Data processing. 
650 0 0 |a Motion pictures  |x Production and direction. 
650 0 0 |a Digital video  |x Editing  |x Data processing. 
830 0 |a Aspiring filmmaker's library 
852 |a INST  |b SYROS  |e 20071120  |h 777.55 ROB  |p 005500006918  |q 005500006918  |t BK  |y 0 
852 |a INST  |b SYROS  |e 20071120  |h 777.55 ROB   |p 005500006919  |q 005500006919  |t BK  |y 0 
901 |a BIBL5-2007-3 
909 |a Ε  |b 133243 
909 |a Ε  |b 133242 
922 |a 5ΕΛΗ  |b 200709  |c ΒΙΒΛΙΟΘΗΚΗ ΣΥΡΟΥ  |d GLORYBOOK 
970 |a ΚΑΓΙΑΒΑ  |b ΕΙΡΗΝΗ  |z 2007/11/20